| 000 | 00399pab a2200157 454500 | ||
|---|---|---|---|
| 008 | 180718b2011 xxu||||| |||| 00| 0 eng d | ||
| 100 | _aLeitz, Lisa | ||
| 245 | _aOppositional identities: The military peace movement's challenge to pro-Iraq war frames | ||
| 260 | _c2011 | ||
| 300 | _ap.235-256. | ||
| 362 | _aMay | ||
| 650 | _aWar | ||
| 773 | _aSocial Problems | ||
| 908 | _aN | ||
| 909 | _a92495 | ||
| 999 |
_c92495 _d92495 |
||